Global and transnational business :strategy and management / (Record no. 3404)

000 -LEADER
fixed length control field 01487cam a22003974a 4500
001 - CONTROL NUMBER
control field 11847469
003 - CONTROL NUMBER IDENTIFIER
control field OSt
005 - DATE AND TIME OF LATEST TRANSACTION
control field 20161005163310.0
008 - FIXED-LENGTH DATA ELEMENTS--GENERAL INFORMATION
fixed length control field 991122s2000 enka b 001 0 eng
010 ## - LIBRARY OF CONGRESS CONTROL NUMBER
LC control number 99059516
020 ## - INTERNATIONAL STANDARD BOOK NUMBER
International Standard Book Number 0471988197 (alk. paper)
040 ## - CATALOGING SOURCE
Original cataloging agency DLC
Transcribing agency DLC
Modifying agency DLC
042 ## - AUTHENTICATION CODE
Authentication code pcc
050 00 - LIBRARY OF CONGRESS CALL NUMBER
Classification number HD62.4.G528 2000
082 00 - DEWEY DECIMAL CLASSIFICATION NUMBER
Classification number 658.4/012
Edition number 21
100 ## - MAIN ENTRY--PERSONAL NAME
Personal name Stonehouse,George
245 00 - TITLE STATEMENT
Title Global and transnational business :strategy and management /
Statement of responsibility, etc George Stonehouse ... [et al.].
260 ## - PUBLICATION, DISTRIBUTION, ETC. (IMPRINT)
Place of publication, distribution, etc Chichester, West Sussex, England :
-- New York :
Name of publisher, distributor, etc Wiley,
Date of publication, distribution, etc c2000.
300 ## - PHYSICAL DESCRIPTION
Extent xvi, 463 p. :
Other physical details ill. ;
Dimensions 25 cm.
504 ## - BIBLIOGRAPHY, ETC. NOTE
Bibliography, etc Includes bibliographical references and index.
650 #0 - SUBJECT ADDED ENTRY--TOPICAL TERM
Topical term or geographic name as entry element International business enterprises
General subdivision Management.
650 #0 - SUBJECT ADDED ENTRY--TOPICAL TERM
Topical term or geographic name as entry element Strategic planning.
650 #0 - SUBJECT ADDED ENTRY--TOPICAL TERM
Topical term or geographic name as entry element Marketing
General subdivision Management.
650 #0 - SUBJECT ADDED ENTRY--TOPICAL TERM
Topical term or geographic name as entry element Competition, International.
700 1# - ADDED ENTRY--PERSONAL NAME
Personal name Stonehouse, George.
700 1# - ADDED ENTRY--PERSONAL NAME
Personal name Hamill,Jim
700 1# - ADDED ENTRY--PERSONAL NAME
Personal name Campbell,David
700 1# - ADDED ENTRY--PERSONAL NAME
Personal name Purdie,Tony
856 42 - ELECTRONIC LOCATION AND ACCESS
Materials specified Contributor biographical information
Uniform Resource Identifier <a href="http://www.loc.gov/catdir/bios/wiley043/99059516.html">http://www.loc.gov/catdir/bios/wiley043/99059516.html</a>
856 42 - ELECTRONIC LOCATION AND ACCESS
Materials specified Publisher description
Uniform Resource Identifier <a href="http://www.loc.gov/catdir/description/wiley035/99059516.html">http://www.loc.gov/catdir/description/wiley035/99059516.html</a>
856 4# - ELECTRONIC LOCATION AND ACCESS
Materials specified Table of Contents
Uniform Resource Identifier <a href="http://www.loc.gov/catdir/toc/onix06/99059516.html">http://www.loc.gov/catdir/toc/onix06/99059516.html</a>
906 ## - LOCAL DATA ELEMENT F, LDF (RLIN)
a 7
b cbc
c orignew
d 1
e ocip
f 19
g y-gencatlg
942 ## - ADDED ENTRY ELEMENTS (KOHA)
Source of classification or shelving scheme
Koha item type Book
Holdings
Withdrawn status Lost status Source of classification or shelving scheme Damaged status Not for loan Home library Current library Shelving location Date acquired Total Checkouts Full call number Barcode Date last seen Date checked out Copy number Price effective from Koha item type
          Riara University Library Riara University Library General stack 05/10/2016 1 HD62.4.G528 2000 8678/16 18/04/2023 21/02/2023 C.1 05/10/2016 Book

Riara University Library,
P.O. Box 49940-00100,
Nairobi, Kenya.